Recht der kirchlichen Sachen (res sacrae)
Gespeichert in:
| 1. Verfasser: | |
|---|---|
| Dokumenttyp: | Kapitel/Artikel |
| Sprache: | Deutsch |
| Veröffentlicht: |
2020
|
| In: |
Handbuch des Staatskirchenrechts der Bundesrepublik Deutschland
Year: 2020, Pages: 2535-2565 |
| Schlagworte: | |
| Online-Zugang: |
|
| Verfasserangaben: | von Peter Axer |
MARC
| LEADER | 00000caa a2200000 c 4500 | ||
|---|---|---|---|
| 001 | 1759911178 | ||
| 003 | DE-627 | ||
| 005 | 20250513184545.0 | ||
| 007 | cr uuu---uuuuu | ||
| 008 | 210607s2020 xx |||||o 00| ||ger c | ||
| 035 | |a (DE-627)1759911178 | ||
| 035 | |a (DE-599)KXP1759911178 | ||
| 035 | |a (OCoLC)1341415379 | ||
| 040 | |a DE-627 |b ger |c DE-627 |e rda | ||
| 041 | |a ger | ||
| 084 | |a 19 |2 sdnb | ||
| 084 | |a 1 |2 ssgn | ||
| 100 | 1 | |a Axer, Peter |d 1965- |e VerfasserIn |0 (DE-588)121837645 |0 (DE-627)081567413 |0 (DE-576)171421752 |4 aut | |
| 245 | 1 | 0 | |a Recht der kirchlichen Sachen (res sacrae) |c von Peter Axer |
| 264 | 1 | |c 2020 | |
| 300 | |a 31 | ||
| 336 | |a Text |b txt |2 rdacontent | ||
| 337 | |a Computermedien |b c |2 rdamedia | ||
| 338 | |a Online-Ressource |b cr |2 rdacarrier | ||
| 689 | 0 | 0 | |d s |0 (DE-588)4177830-3 |0 (DE-627)700105816 |0 (DE-576)209980419 |a Res sacrae |2 gnd |
| 689 | 0 | 1 | |d s |0 (DE-588)4056656-0 |0 (DE-627)106154141 |0 (DE-576)209118482 |a Staatskirchenrecht |2 gnd |
| 689 | 0 | 2 | |d g |0 (DE-588)4011882-4 |0 (DE-627)104704861 |0 (DE-576)208896155 |a Deutschland |2 gnd |
| 689 | 0 | |5 (DE-627) | |
| 773 | 0 | 8 | |i Enthalten in |t Handbuch des Staatskirchenrechts der Bundesrepublik Deutschland |b Dritte, grundlegend neubearbeitete Auflage |d Berlin : Duncker & Humblot, 2020 |g (2020), Seite 2535-2565 |h 1 Online-Ressource (Band 1-3) |w (DE-627)1736274759 |z 9783428581351 |7 nnam |a Recht der kirchlichen Sachen (res sacrae) |
| 773 | 1 | 8 | |g year:2020 |g pages:2535-2565 |g extent:31 |a Recht der kirchlichen Sachen (res sacrae) |
| 776 | 0 | 8 | |i Erscheint auch als |n Druck-Ausgabe |a Axer, Peter, 1965 - |t Recht der kirchlichen Sachen (res sacrae) |d 2020 |w (DE-627)175267670X |
| 935 | |a KALD | ||
| 951 | |a AR | ||
| 990 | |a Deutschland | ||
| 990 | |a Staatskirchenrecht | ||
| 990 | |a Res sacrae | ||
| 992 | |a 20210607 | ||
| 993 | |a BookComponentPart | ||
| 994 | |a 2020 | ||
| 998 | |g 121837645 |a Axer, Peter |m 121837645:Axer, Peter |d 20000 |d 20700 |e 20000PA121837645 |e 20700PA121837645 |k 0/20000/ |k 1/20000/20700/ |p 1 |x j |y j | ||
| 999 | |a KXP-PPN1759911178 |e 393510863X | ||
| BIB | |a Y | ||
| JSO | |a {"language":["ger"],"id":{"eki":["1759911178"]},"type":{"bibl":"chapter","media":"Online-Ressource"},"physDesc":[{"extent":"31 S."}],"person":[{"role":"aut","family":"Axer","given":"Peter","display":"Axer, Peter"}],"name":{"displayForm":["von Peter Axer"]},"origin":[{"dateIssuedDisp":"2020","dateIssuedKey":"2020"}],"relHost":[{"name":{"displayForm":["herausgegeben von Dietrich Pirson, Wolfgang Rüfner, Michael Germann, Stefan Muckel"]},"type":{"media":"Online-Ressource","bibl":"edited-book"},"disp":"Recht der kirchlichen Sachen (res sacrae)Handbuch des Staatskirchenrechts der Bundesrepublik Deutschland","person":[{"role":"edt","display":"Pirson, Dietrich","given":"Dietrich","family":"Pirson"},{"given":"Wolfgang","display":"Rüfner, Wolfgang","family":"Rüfner","role":"edt"},{"given":"Michael","family":"Germann","display":"Germann, Michael","role":"edt"},{"role":"edt","given":"Stefan","display":"Muckel, Stefan","family":"Muckel"}],"id":{"eki":["1736274759"],"isbn":["9783428581351"],"doi":["10.3790/978-3-428-58135-1"]},"part":{"year":"2020","text":"(2020), Seite 2535-2565","pages":"2535-2565","extent":"31"},"language":["ger"],"note":["Band 1, 2 und 3"],"origin":[{"editionNo":3,"publisher":"Duncker & Humblot","dateIssuedKey":"2020","publisherPlace":"Berlin","dateIssuedDisp":"[2020]","edition":"Dritte, grundlegend neubearbeitete Auflage"}],"physDesc":[{"extent":"1 Online-Ressource (Band 1-3)"}],"recId":"1736274759","title":[{"title_sort":"Handbuch des Staatskirchenrechts der Bundesrepublik Deutschland","title":"Handbuch des Staatskirchenrechts der Bundesrepublik Deutschland"}]}],"recId":"1759911178","title":[{"title":"Recht der kirchlichen Sachen (res sacrae)","title_sort":"Recht der kirchlichen Sachen (res sacrae)"}]} | ||
| SRT | |a AXERPETERRECHTDERKI2020 | ||